000 00536nam a2200181Ia 4500
005 20250508154310.0
008 008 250505s9999 xx 000 0 eng d
037 _aTextual
040 _aFEDL
_beng
_cFEDL
041 _aeng
_2eng
084 _a378, GRE
_qFEDL
245 0 _aReport of the committee on university teaching methods
245 0 _cUniversity Grants Committee
260 _aLondon, UK
_bHer Majesty's Stationery Office
_c1964
300 _av,173p.
942 _cTEXL
_h378, GRE
999 _c1349444
_d1349444